000 00629nam a22001937a 4500
005 20170908142114.0
010 _aENG-120241
020 _a9788184654905
_c95.00
035 _aEN-103773
037 _bDBAD/PUB
082 _a613.9071
100 _aJoseph,T.M.
245 _aSex education at home and school :
_cby T.M. Joseph
_bessential knowledge for students, teachers and parents /
260 _aDelhi
_bISPCK
_c2015
270 _a1584,1654,Madarsa Road,Kahmere Gate
_bDelhi
_e110006
300 _aix,71p.
_c18cm.(pbk)
500 _aIncludes bibliographical references
942 _2ddc
_cEN
_h613.9071
_mJOS
999 _c144212
_d144212